Metodický rozbor témy Zásobovacie činnosti záverečná práca
Enregistré dans:
| Auteur principal: | |
|---|---|
| Collectivité auteur: | |
| Autres auteurs: | |
| Format: | Livre |
| Langue: | slovaque |
| Publié: |
Bratislava
1987
|
| Tags: |
Pas de tags, Soyez le premier à ajouter un tag!
|
MARC
| LEADER | 00000nam a2200000 4500 | ||
|---|---|---|---|
| 001 | c040331 | ||
| 005 | 20221219094734.8 | ||
| 041 | 0 | |a slo | |
| 044 | |a SK | ||
| 245 | 1 | 0 | |a Metodický rozbor témy Zásobovacie činnosti |b záverečná práca |c Eva Vepřeková ; Ved. práce Jozef Zelenák |
| 264 | 1 | |a Bratislava |c 1987 | |
| 300 | |a 28 s. | ||
| 100 | 1 | |a Vepřeková, Eva | |
| 700 | 1 | |a Zelenák, Jozef | |
| 710 | 2 | |a Vysoká škola ekonomická v Bratislave. Národohospodárska fakulta | |